000 00759nam a2200265Ia 4500
003 OSt
005 20220918171729.0
006 a|||||r|||| 00| 0
007 ta
008 220917b |||||||| |||| 00| 0 eng d
020 _a9788171392681 (hbk)
024 _a240,041
037 _cTextual
040 _aARTS
_cARTS
_beng
041 _2eng
_aeng
082 _aX:8D.1, P9
100 _aYadav Surya Narain
_938512
245 0 _aGlobal financial crisis
_b New challenges for corporate governance
260 _aNew Delhi
_bJnanada Prakashan India
_c2009
300 _a305p.
_ccm.
650 _aECONOMICS
700 _a Khatri P. V.
_938513
942 _hX:8D.1, P9
_cTEXL
_2CC
999 _c141115
_d141115